000 00351nam a22001337a 4500
020 _qHB.
040 _cFIZZA ISHAQ
082 _a624.171
_bCOR
100 _a Cormie , David.
_9133625
245 _aBlast Effects on Buildings /
_cDavid Cormie.
260 _aNew York:
_bICE Publishing / Thomas Telford,
_c1988.
300 _a328 p. ;
942 _2ddc
_cBK
999 _c616587
_d616587